| 000 | 02571 a2200193 4500 | ||
|---|---|---|---|
| 001 | 13853 | ||
| 005 | 20260407155445.0 | ||
| 008 | 260407a1978 arg spa d | ||
| 003 | AR-UNSa-BCEJYS | ||
| 040 |
_aAR-UNSa-BCEJYS _bspa _cAR-UNSa-BCEJYS |
||
| 080 |
_a347.7 _xDerecho Mercantil. Derecho Comercial |
||
| 245 | 1 | 0 | _aManual de Derecho Comercial |
| 264 | 1 |
_aBuenos Aires : _bAbeledo Perrot _c1978 |
|
| 300 |
_a2 v. (613, 592 p.) _c23 cm. |
||
| 505 | _aVol I: 1. Origen y evolución del derecho comercial - 2. El acto de comercio y la materia comercial.Su razón histórica.Su virtualidad actual.Crisis del sistema objetivo - 3. La empresa en la nueva dogmática comercial.Concepto económico y jurídico - 4. Signos distintivos.Nombre y enseña comercial.Función.Importancia de la marca y otros signos distintivos en la empresa comercial contemporanéa - 5. El comerciante individual.Concepto.El art. 1 del Codigo de Comercio - 6. Obligaciones comunes a todos los comerciantes - 7. Sociedades comerciales.Concepto.Evolución e importancia actual - 8. El problema de las nulidades societarias.Diferencia con nulidades de dercho civil.Causas - 9. Introducción preliminar.Clasificación de las sociedades personales o por interés - 10. Las sociedades por acciones.Concepto.Origen y evolución.Función económica e importancia actual - 11. Organos de la sociedad anónima.Orientaciones actuales - 12. Sociedad en comandita por acciones.Derechos y obligaciones - 13. La transformación de sociedades.Concepto - 14. La participación del estado en el desenvolvimiento de la economía - 15. Agentes auxiliares del comercio.Concepto.Clasificación.Autónomos y subordinados -- Vol II: 16. Bolsas de comercio.definición.Función económica - 17. Teoría general de los contratos comerciales - 18. Enfoque genérico de la responsabilidad vinculada a la calidad empresario comercial o industrial (individual o colectivo) - 19. De los contratos regulados en el Código de Comercio y en el Código Civil - 20. Contratos regulados en el Código Civil aplicables en materia comercial.Incidencia de las normas del código de comercio en dichos contratos - 21. Contratos comerciales regulados solo en el Código de Comercio - 22. Comisión.Concepto.Diferencia con el mandato.Relaciones que crea la comisión - 23. Introducción - 24. Los seguros.Origen y evolución del derecho de seguro - 25. Seguros de daños patrimoniales.Seguro de incendio.Hechos equiparados.Fuego hostil | ||
| 942 | _cBK | ||
| 590 | _aniveau_biblio:m niveau_hierar:0 | ||
| 100 | 1 | _aGarrone, José Alberto | |
| 999 |
_c556 _d556 |
||